VALUES AND MINIMAL SPECTRUM OF AN ALGEBRAIC LATTICE

Podrobná bibliografia
Hlavní autori: Georgescu, George (Autor), Ploščica, Miroslav (Autor)
Médium: Článok
Jazyk:angličtina

MARC

LEADER 00000nab a2200000uu 4500
001 vtls011450679
003 SK-MaSNL
005 20260303151308.0
008 230222|2002 xo |||||||||||||||||eng|
015 |a SNBRB 
035 |a (urnnbn)urn:nbn:sk:snk:ar-006jwy 
035 |a (uuid)c38128a3-77dd-40c1-b05b-c6e1e4bf4f20 
035 |a urn:nbn:sk:snk-abcmta 
040 |a SNKBUCL  |b slo  |c SNKBUCL  |e AACR2 
041 0 |a eng 
044 |a xo  |c SK 
100 1 |a Georgescu, George  |4 aut  |9 1170683 
245 1 0 |a VALUES AND MINIMAL SPECTRUM OF AN ALGEBRAIC LATTICE  |c George Georgescu, Miroslav Ploščica 
700 1 |a Ploščica, Miroslav  |4 aut  |9 1170684 
773 0 |t Mathematica Slovaca  |g Roč. 52, č. 3 (2002), s. 247-253 
958 |a OND 
958 |a EUIPO 
958 |a article16 
999 |c 2016990  |d 2018920